000 00252nam a2200109Ia 4500
005 20251222152716.0
008 251222s9999||||xx |||||||||||||| ||spa||
082 _a868.993.6/H43/Ej.14
100 _aHernández, Arturo
245 0 _aSangama
942 _cLIB
999 _c29412
_d29412